000 00513nam a2200145 a 4500
008 120416s0000 ||||||||||||||||| || u
020 _a0408011831
050 _aTK 7874 Kam
100 _aKampel, Ian
245 1 0 _aPractical design of digital circuits
260 _aLondon
_bNewnes Technical Books
_c1983
300 _axviii, 301p. : ill.
350 _a0.00
995 _D0.00
_FCBU-MAIN LIBRARY (Kitwe)
_H1
_I14.95
_UAVAILABLE
_ZAnnex Low-Usage Collection
999 _c54224
_d54224